Domovy dôchodcov a penzióny pre dôchodcov v roku 2000

Štatistické zhodnotenie domovov dôchodcov a penziónov pre dôchodcov podľa jednotlivý okresov a krajov Slovenska.

Enregistré dans:
Détails bibliographiques
Auteur principal: Petrášová, Alexandra
Autres auteurs: Závodná, Soňa
Format: Chapitre de livre
Langue:slovaque
Sujets:
Tags: Ajouter un tag
Pas de tags, Soyez le premier à ajouter un tag!

MARC

LEADER 00000naa a2200000 4500
001 r043653
005 20230801095328.0
041 0 |a slo 
044 |a SK 
245 1 0 |a Domovy dôchodcov a penzióny pre dôchodcov v roku 2000  |c Alexandra Petrášová, Soňa Závodná 
520 |a Štatistické zhodnotenie domovov dôchodcov a penziónov pre dôchodcov podľa jednotlivý okresov a krajov Slovenska. 
610 2 0 |a zariadenia starostlivosti sociálnej 
610 2 0 |a dôchodcovia 
610 2 0 |a penzióny 
610 2 0 |a starostlivosť sociálna 
610 2 0 |a prieskum štatistický 
610 2 0 |a Slovensko 
100 1 |a Petrášová, Alexandra 
700 1 |a Závodná, Soňa